| 000 | 01153nam a22003497a 4500 | ||
|---|---|---|---|
| 003 | CHAP | ||
| 005 | 20220329135223.0 | ||
| 008 | 971013s1981 r 00010 d | ||
| 010 | _a32850 | ||
| 011 | _a33822 | ||
| 035 | _a37938 | ||
| 040 | _cCHAP | ||
| 090 | _aTesis | ||
| 100 | 0 | 0 |
_aLópez Ramírez, Jorge Roberto. _968251 |
| 245 | _aAnteproyecto de deshidratadora de alfalfa para el estado de Hidalgo | ||
| 260 |
_aMéxico, D.F. : _bEl autor, _c1981 |
||
| 300 |
_a123 h. _b: anexo ; mapas |
||
| 502 | _aTesis (Lic. en Economía) -- UANM. Fac. de Economía | ||
| 590 |
_aALEPH _b10 _c20130110 _lUCH01 _h1256 |
||
| 590 |
_aBATCH-UPD _b10 _c20130109 _lUCH01 _h2333 |
||
| 590 |
_aBATCH-UPD _b10 _c20130110 _lUCH01 _h1258 |
||
| 590 |
_aBATCH-UPD _b10 _c20130409 _lUCH01 _h1900 |
||
| 590 |
_aBATCH-UPD _b10 _c20130410 _lUCH01 _h0817 |
||
| 590 |
_aBATCH-UPD _b10 _c20130914 _lUCH01 _h0019 |
||
| 590 |
_aCONVERSION _b10 _c20130109 _lUCH01 _h1318 |
||
| 650 | 1 | 4 |
_aAlfalfa _xDeshidratación. _93860 |
| 650 | 1 | 4 |
_aHarina de alfalfa. _952691 |
| 650 | 1 | 4 |
_aProyectos industriales. _992531 |
| 901 | _aBK | ||
| 942 | _cTESIS | ||
| 949 |
_bBC _cTES _d-86916 _eTS1 _i37938 _si |
||
| 999 |
_c32850 _d32850 |
||